| 000 | 01264cam a2200325 a 4500 | ||
|---|---|---|---|
| 001 | 15151155 | ||
| 003 | EG-ScBUE | ||
| 005 | 20220209103832.0 | ||
| 008 | 080123s2008 enk f 000 1 eng d | ||
| 020 | _a0099501635 | ||
| 020 | _a9780099501633 | ||
| 035 | _a(OCoLC)ocm77540525 | ||
| 040 |
_aUKM _beng _erda _cUKM _dYDXCP _dVP@ _dGZM _dWAU _dNDD _dCOO _dDLC _dEG-ScBUE |
||
| 082 | 0 | 4 |
_222 _a823.914 _bENR |
| 100 | 1 |
_aEnright, Anne, _d1962- _eauthor. _924973 |
|
| 245 | 1 | 4 |
_aThe Gathering / _cAnne Enright. |
| 264 | 1 |
_aLondon : _bVintage Books, _c2008. |
|
| 300 |
_a260 pages ; _c23 cm |
||
| 336 |
_2rdacontent _atext _btxt |
||
| 337 |
_2rdamedia _aunmediated _bn |
||
| 338 |
_2rdacarrier _avolume _bnc |
||
| 586 | _aThe Man Booker Prize, 2007. | ||
| 650 | 7 |
_aFamily secrets _vFiction. _924974 _2BUEsh |
|
| 650 | 7 |
_aFamilies _zIreland _vFiction. _924975 _2BUEsh |
|
| 651 | 7 |
_aDublin (Ireland) _xSocial life and customs _vFiction. _924976 _2BUEsh |
|
| 653 |
_cJune2011 _bHHUUEENN |
||
| 655 | 0 |
_aDomestic fiction. _vReading book |
|
| 942 |
_2ddc _cBB |
||
| 999 |
_c15576 _d15576 |
||